| 000 | 00474 a2200145 4500 | ||
|---|---|---|---|
| 020 | _aN/S | ||
| 040 | _aULA-LD-MS | ||
| 082 | _a658.3 | ||
| 100 |
_91060 _a |
||
| 245 | _aO Impacto do Gestor de Recursos Humanos como Factor de Desenvolvimento das Organizae̳s -Caso Saipem Luxemborg Sucursal de Angola | ||
| 260 |
_aLuanda , _bUniversidade Lusiada _c2024. |
||
| 300 | _a96p | ||
| 650 | _aGestoĢ de Recursos Humanos | ||
| 942 | _cTFC | ||
| 999 |
_c2236 _d2236 |
||